La Comisión Nacional de Derechos Humanos

Saved in:
Bibliographic Details
Corporate Author: México. Presidencia de la República. Dirección General de Comunicación Social
Format: Text
Published: México D.F.: Dirección General de Comunicación Social. Presidencia de la República
Tags: Add Tag
No Tags, Be the first to tag this record!

MARC

LEADER 00000 a a2200000 04500
001 23808
003
040
020 |a 968-820-422-6  
090 |a 169000  
110 |a México. Presidencia de la República. Dirección General de Comunicación Social  
245 |a La Comisión Nacional de Derechos Humanos  
260 |a México D.F.:   |b Dirección General de Comunicación Social. Presidencia de la República  
300 |a 27 p.  
999 |c 6758  |d 6758